Engineering Metrology And Instrumentation / (Record no. 3191)
[ view plain ]
| 000 -LEADER | |
|---|---|
| fixed length control field | 00617nac a22001691u 4500 |
| 020 ## - INTERNATIONAL STANDARD BOOK NUMBER | |
| International Standard Book Number | 8185749825 |
| 082 ## - DEWEY DECIMAL CLASSIFICATION NUMBER | |
| Classification number | 620.0044 |
| Item number | R1376 |
| 090 ## - LOCALLY ASSIGNED LC-TYPE CALL NUMBER (OCLC); LOCAL CALL NUMBER (OCLC) | |
| -- | 3191 |
| -- | 3191 |
| 100 ## - MAIN ENTRY--PERSONAL NAME | |
| Personal name | Rajput ,R. k. |
| 245 ## - TITLE STATEMENT | |
| Title | Engineering Metrology And Instrumentation / |
| Remainder of title | R.K. Rajput. |
| 260 ## - PUBLICATION, DISTRIBUTION, ETC. (IMPRINT) | |
| Place of publication, distribution, etc | Delhi:c.[1999] |
| Name of publisher, distributor, etc | S.K.Kataria, |
| Date of publication, distribution, etc | c.[1999] |
| 300 ## - PHYSICAL DESCRIPTION | |
| Extent | 516p.: |
| Other physical details | ill; |
| Dimensions | 22cm. |
| 500 ## - GENERAL NOTE | |
| General note | Including laboratory practicals |
| 650 ## - SUBJECT ADDED ENTRY--TOPICAL TERM | |
| Topical term or geographic name as entry element | Mensuration. |
| 942 ## - ADDED ENTRY ELEMENTS (KOHA) | |
| Item type | Book - Borrowing |
| Call number prefix | 620.0044R1376 |
| Withdrawn status | Item status | Damaged status | Not for loan | Home library | Current library | Shelving location | Date acquired | Source of acquisition | Total Checkouts | Full call number | Barcode | Date last seen | Date last borrowed | Koha item type |
|---|---|---|---|---|---|---|---|---|---|---|---|---|---|---|
| Central Library | Central Library | First floor | 26/03/2007 | Purchase | 2 | 620.0044 RAJ | 000001000 | 15/07/2025 | 07/03/2010 | Book - Borrowing |